1ere déclinaison Latin. - Statistiques

Statistiques générales
  • Ce quiz a été pris 1 451 fois
  • Le résultat moyen est 11 sur 12
Statistiques - réponses
Cas Radical Terminaisons % Correct
Nominatif singulier ros... -a
100%
Vocatif singulier ros... -a
99%
Ablatif singulier ros... -a
96%
Accusatif singulier ros... -am
96%
Génitif singulier ros... -ae
95%
Datif singulier ros... -ae
94%
Nominatif pluriel ros... -ae
94%
Vocatif pluriel ros... -ae
93%
Accusatif pluriel ros... -as
92%
Datif pluriel ros... -is
89%
Ablatif pluriel ros... -is
89%
Génitif pluriel ros... -arum
88%
Aucun quiz correspondant
Distribution des résultats
% des personnes avec chaque résultat
Percentile par nombre de réponses
Votre historique - résultats
Vous n’avez pas pris ce quiz